Súčasný stav ďalšieho vzdelávania zamestnancov v podmienkach verejnej správy v Slovenskej republike
Možnosti vzdelávania zamestnancov vo verejnej správe po roku 1989. Vzdelávanie zamestnancov pred nástupom do verejnej správy. Súčasný stav ďalšieho vzdelávania zamestnancov štátnej správy v SR.
Gespeichert in:
| 1. Verfasser: | |
|---|---|
| Weitere Verfasser: | , |
| Format: | Buchkapitel |
| Sprache: | Slowakisch |
| Schlagworte: | |
| Tags: |
Keine Tags, Fügen Sie das erste Tag hinzu!
|
MARC
| LEADER | 00000naa a2200000 4500 | ||
|---|---|---|---|
| 001 | 0149554 | ||
| 005 | 20231207072421.9 | ||
| 041 | 0 | |a slo | |
| 044 | |a SK | ||
| 245 | 1 | 0 | |a Súčasný stav ďalšieho vzdelávania zamestnancov v podmienkach verejnej správy v Slovenskej republike |c Mária Šedivá, Jana Masárová, Eva Koišová |
| 520 | |a Možnosti vzdelávania zamestnancov vo verejnej správe po roku 1989. Vzdelávanie zamestnancov pred nástupom do verejnej správy. Súčasný stav ďalšieho vzdelávania zamestnancov štátnej správy v SR. | ||
| 610 | 2 | 0 | |a Slovensko |
| 610 | 2 | 0 | |a správa verejná |
| 610 | 2 | 0 | |a správa štátna |
| 610 | 2 | 0 | |a samospráva |
| 610 | 2 | 0 | |a vzdelávanie celoživotné |
| 610 | 2 | 0 | |a vzdelávanie ďalšie |
| 100 | 1 | |a Šedivá, Mária | |
| 700 | 1 | |a Masárová, Jana | |
| 700 | 1 | |a Koišová, Eva | |